000 00810cam a2200241 a 4500
001 14939394
003 0
005 20170117093844.0
008 070724s2008 nyua 001 0 eng
020 _a9780073343662 (alk. paper)
040 _cSPU
050 0 0 _aHB172.5
_b.C63 2008
100 1 _aColander, David C.
245 1 0 _aMacroeconomics /
_cDavid C. Colander.
250 _a7th ed.
260 _aNew York :
_bMcGraw-Hill/Irwin,
_c2008.
300 _axxiv, 475, [38] p. :
_bill. (chiefly col.), col. maps ;
_c26 cm.
500 _aIncludes index.
650 0 _aMacroeconomics.
856 4 2 _3Publisher description
_uhttp://www.loc.gov/catdir/enhancements/fy0743/2007030174-d.html
856 4 1 _3Table of contents only
_uhttp://www.loc.gov/catdir/enhancements/fy0743/2007030174-t.html
942 _2lcc
_cBK
999 _c47918
_d47918